[Event "Bad Woerishofen 2017 - Senioren"]
[Site "Bad Woerishofen"]
[Date "2017.03.11"]
[Round "2.65"]
[White "Mack, Friedemann"]
[Black "Weyand, Fernand"]
[Result "1/2-1/2"]
[WhiteElo "1517"]
[BlackElo "1747"]
[Annotator "chessorg"]
[PlyCount "108"]
[EventDate "2017.??.??"]
[WhiteTeam "TSG Steinheim"]
[BlackTeam "SVG Saarbruecken 1970 e.V."]

1. d4 Nf6 2. c4 e6 3. Nc3 d5 4. e3 Be7 5. Nf3 b6 6. cxd5 exd5 7. Bb5+ c6 8. Bd3
O-O 9. O-O Bg4 10. h3 Bxf3 11. Qxf3 Re8 12. a3 Nbd7 13. b4 Nf8 14. b5 c5 15.
Bb2 cxd4 16. exd4 Ne6 17. Ne2 Ng5 18. Qg3 h6 19. Bc1 Nge4 20. Bxe4 Nxe4 21. Qg4
Nf6 22. Qf3 Rc8 23. a4 Qd7 24. Ba3 Rc2 25. Bxe7 Rxe7 26. Nf4 Ne4 27. Nd3 Nd2
28. Qd1 Qc8 29. Ne5 Nxf1 30. Nc6 Rxc6 31. bxc6 Ne3 32. fxe3 Qxc6 33. Rc1 Qe6
34. Rc3 g6 35. Qf3 Kg7 36. Kf2 Qf6 37. Qxf6+ Kxf6 38. Rc6+ Kf5 39. Kf3 h5 40.
Rd6 Rc7 41. Rxd5+ Ke6 42. Re5+ Kd6 43. Re8 Rc4 44. a5 bxa5 45. Rf8 Rc7 46. Rb8
Kc6 47. Ke2 Rb7 48. Rc8+ Kd7 49. Rc5 Rb2+ 50. Kf3 Ra2 51. e4 Ra3+ 52. Kf4 Ra2
53. g3 f6 54. g4 hxg4 1/2-1/2

[Event "Bad Woerishofen 2017 - Senioren"]
[Site "Bad Woerishofen"]
[Date "2017.03.15"]
[Round "3.1"]
[White "Maes, Valery"]
[Black "Frick, Christoph"]
[Result "1/2-1/2"]
[WhiteElo "2097"]
[BlackElo "2256"]
[PlyCount "153"]
[EventDate "2017.??.??"]
[WhiteTeam "Krefelder SK Turm 1851 e.V."]
[BlackTeam "Tuebingen"]

1. d4 d5 2. Nf3 Nf6 3. c4 c6 4. Nbd2 Bf5 5. g3 e6 6. Bg2 h6 7. O-O Nbd7 8. b3
Bd6 9. Bb2 Qb8 10. Qc1 O-O 11. Ba3 Re8 12. Bxd6 Qxd6 13. Qb2 Ne4 14. Nxe4 Bxe4
15. Rac1 Rad8 16. cxd5 exd5 17. e3 Qf6 18. Nd2 Bd3 19. Rfe1 Qf5 20. Qc3 Nf6 21.
Nf3 Be4 22. Ne5 Bxg2 23. Kxg2 Ne4 24. Qc2 Qh5 25. Qe2 Qf5 26. Qc2 Qe6 27. Nf3
Rd6 28. Re2 Qc8 29. h3 Rf6 30. Ne5 Qf5 31. g4 Qc8 32. f3 Nd6 33. a4 Rfe6 34.
Qd2 Qd8 35. Qe1 Qe7 36. Qf2 Kh7 37. Rd1 Qc7 38. Nd3 Rf6 39. Qg3 Qa5 40. Rc2
Rfe6 41. Nc5 Rg6 42. Qf2 Nf5 43. Kf1 Nd6 44. Nd3 Qa6 45. Qe2 Qb6 46. Nc5 Qd8
47. Nd3 Rge6 48. Qf2 Rf6 49. Kg2 Ne4 50. Qg1 Ng5 51. Rf2 Qe7 52. Ne5 Re6 53. h4
f6 54. hxg5 fxe5 55. dxe5 Rxe5 56. gxh6 gxh6 57. Qh2 Rxe3 58. Rh1 Qg5 59. Qd6
R8e6 60. Qb4 b6 61. Rh5 Qg6 62. a5 c5 63. Qb5 d4 64. axb6 axb6 65. Rf5 d3 66.
Qd7+ Re7 67. Qd8 Qe8 68. Qxb6 Re2 69. Qxc5 Rxf2+ 70. Kxf2 Re2+ 71. Kg3 Rc2 72.
Qa7+ Kg8 73. Qa5 d2 74. Qd5+ Kg7 75. Qb7+ Kg8 76. Qd5+ Kg7 77. Qb7+ 1/2-1/2

[Event "Bad Woerishofen 2017 - Senioren"]
[Site "Bad Woerishofen"]
[Date "2017.03.12"]
[Round "3.4"]
[White "Berry, Stephen"]
[Black "Norman, Kenneth"]
[Result "1-0"]
[WhiteElo "2272"]
[BlackElo "2136"]
[Annotator "chessorg"]
[PlyCount "67"]
[EventDate "2017.??.??"]
[WhiteTeam "Wimbledon"]

1. c4 g6 2. Nc3 Bg7 3. Nf3 Nf6 4. g3 c6 5. Bg2 d5 6. cxd5 cxd5 7. d4 O-O 8. Ne5
Nc6 9. Nxc6 bxc6 10. O-O Ba6 11. Bf4 Nd7 12. Qd2 e5 13. dxe5 Nxe5 14. Rfd1 Nc4
15. Qc2 Qa5 16. Rac1 Rac8 17. b3 Na3 18. Qd2 Rfe8 19. e3 Qd8 20. h4 Qe7 21. Na4
Bb7 22. Nc5 Ba8 23. e4 d4 24. e5 Bxe5 25. Bxe5 Qxe5 26. Qxd4 Qxd4 27. Rxd4 Re2
28. Rcd1 Kg7 29. Rd8 Re8 30. Rxc8 Rxc8 31. Rd7 Nb5 32. a4 Nc7 33. Bh3 Kf8 34.
Ne4 1-0

[Event "Bad Woerishofen 2017 - Senioren"]
[Site "Bad Woerishofen"]
[Date "2017.03.12"]
[Round "3.5"]
[White "Okrajek, Alexander"]
[Black "Neese, Hans-Joachim"]
[Result "1/2-1/2"]
[WhiteElo "2213"]
[BlackElo "2106"]
[Annotator "chessorg"]
[PlyCount "30"]
[EventDate "2017.??.??"]
[WhiteTeam "SC 1919 Siegburg e.V."]

1. Nf3 Nf6 2. c4 c6 3. d4 d5 4. cxd5 cxd5 5. Nc3 Nc6 6. g3 e6 7. Bg2 Bd6 8. O-O
h6 9. Bf4 O-O 10. Qd3 b6 11. Rac1 Bb7 12. Rfd1 Rc8 13. Bxd6 Qxd6 14. Nb5 Qb8
15. Nc3 Rfd8 1/2-1/2

[Event "Bad Woerishofen 2017 - Senioren"]
[Site "Bad Woerishofen"]
[Date "2017.03.15"]
[Round "3.6"]
[White "Ilyes, Peter"]
[Black "Daeubler, Heinrich"]
[Result "1/2-1/2"]
[WhiteElo "1968"]
[BlackElo "2161"]
[Annotator "chessorg"]
[PlyCount "121"]
[EventDate "2017.??.??"]
[BlackTeam "SC Haselmuehl"]

1. d4 g6 2. Nf3 Bg7 3. Bf4 d6 4. e3 Nd7 5. Bc4 e6 6. Nc3 a6 7. a4 b6 8. Ng5 Qe7
9. Nd5 exd5 10. Bxd5 Rb8 11. Bxf7+ Kf8 12. Bb3 Ndf6 13. Nf7 Bb7 14. O-O Nd5 15.
Nxh8 Bxh8 16. Bg3 Qe4 17. Qf3+ Qxf3 18. gxf3 Nde7 19. Kg2 g5 20. c3 Nf6 21. e4
Ng6 22. Rfe1 Nh5 23. Re3 Ke7 24. Bc2 Rf8 25. e5 Nhf4+ 26. Kf1 dxe5 27. Bxg6
Nxg6 28. dxe5 Rxf3 29. Rae1 Rxe3 30. Rxe3 Ke6 31. h4 h6 32. h5 Nf4 33. Bxf4
gxf4 34. Rd3 Bd5 35. Rd1 Bxe5 36. a5 b5 37. Ke2 Bf6 38. f3 c5 39. Rg1 Bg5 40.
Kf2 Bh4+ 41. Kg2 Bb3 42. Kh3 Bg3 43. Rg2 Bc4 44. Rd2 Kf5 45. Kg2 Kg5 46. b3
Bxb3 47. Rd6 Be1 48. Rxa6 Bxc3 49. Rc6 Bd4 50. Rd6 Be3 51. a6 c4 52. Rd5+ Kh4
53. Rxb5 Bd1 54. Rd5 Ba4 55. a7 Bxa7 56. Ra5 Bc6 57. Ra6 Bb7 58. Rxa7 Bc6 59.
Rc7 Bd5 60. Rd7 Bc6 61. Rd6 1/2-1/2

[Event "Bad Woerishofen 2017 - Senioren"]
[Site "Bad Woerishofen"]
[Date "2017.03.15"]
[Round "3.7"]
[White "Loew, Peter"]
[Black "Kelchner, Hans"]
[Result "1-0"]
[WhiteElo "2051"]
[BlackElo "2152"]
[Annotator "chessorg"]
[PlyCount "59"]
[EventDate "2017.??.??"]
[WhiteTeam "SC Waldkraiburg"]

1. e4 e5 2. Nf3 Nc6 3. Bb5 a6 4. Ba4 Nf6 5. d3 d6 6. O-O Be7 7. c3 h6 8. Re1
Bg4 9. Nbd2 b5 10. Bb3 Na5 11. Bc2 c5 12. h3 Be6 13. Nf1 g5 14. N3h2 Nc6 15.
Ng3 Qd7 16. Bb3 d5 17. Qf3 c4 18. dxc4 dxc4 19. Rd1 Qc8 20. Bc2 g4 21. hxg4
Nxg4 22. Nf5 Nxh2 23. Kxh2 Bc5 24. Be3 Bxf5 25. exf5 Bxe3 26. Qxe3 Qc7 27. Qc5
Rc8 28. f6 Nb8 29. Qe3 Qc5 30. Qg3 1-0

[Event "Bad Woerishofen 2017 - Senioren"]
[Site "Bad Woerishofen"]
[Date "2017.03.15"]
[Round "3.8"]
[White "Pribyl, Josef"]
[Black "Glatthor, Thomas"]
[Result "1/2-1/2"]
[WhiteElo "2263"]
[BlackElo "2032"]
[Annotator "chessorg"]
[PlyCount "54"]
[EventDate "2017.??.??"]
[WhiteTeam "SC 1868 Bamberg"]
[BlackTeam "SG Hermsdorf"]

1. d4 d6 2. e4 g6 3. f4 Bg7 4. Nc3 c6 5. Nf3 Nf6 6. Be3 b5 7. a3 a6 8. h3 Nbd7
9. g4 Qc7 10. Qd2 Bb7 11. Bd3 c5 12. d5 e6 13. g5 Nh5 14. Kf2 Nb6 15. f5 exf5
16. exf5 Bxc3 17. bxc3 Bxd5 18. a4 Nc4 19. Bxc4 Bxc4 20. axb5 Bxb5 21. c4 Bc6
22. Rhd1 d5 23. Bxc5 Qg3+ 24. Ke2 Nf4+ 25. Ke3 dxc4 26. Qf2 Ng2+ 27. Ke2 Nf4+
1/2-1/2

[Event "Bad Woerishofen 2017 - Senioren"]
[Site "Bad Woerishofen"]
[Date "2017.03.12"]
[Round "3.9"]
[White "Witte, Manfred"]
[Black "Schwis, Joachim"]
[Result "1/2-1/2"]
[WhiteElo "2155"]
[BlackElo "1979"]
[Annotator "chessorg"]
[PlyCount "35"]
[EventDate "2017.??.??"]
[WhiteTeam "VfB Hermsdorf e.V."]

1. c4 e5 2. g3 Nc6 3. Bg2 Bc5 4. e3 d6 5. Nc3 a6 6. Nge2 f5 7. d4 Ba7 8. Bxc6+
bxc6 9. dxe5 dxe5 10. Qxd8+ Kxd8 11. e4 Nf6 12. exf5 Bxf5 13. Be3 Bxe3 14. fxe3
Ke7 15. O-O Bd3 16. b3 Ng4 17. e4 Rhf8 18. h3 1/2-1/2

[Event "Bad Woerishofen 2017 - Senioren"]
[Site "Bad Woerishofen"]
[Date "2017.03.15"]
[Round "3.10"]
[White "Weenink, Henk"]
[Black "Kierzek, Mira"]
[Result "1/2-1/2"]
[WhiteElo "2132"]
[BlackElo "1974"]
[Annotator "chessorg"]
[PlyCount "79"]
[EventDate "2017.??.??"]
[WhiteTeam "SC Soest 1922"]
[BlackTeam "SC Fulda"]

1. e4 d6 2. d4 Nf6 3. Nc3 g6 4. Be2 Bg7 5. h4 h5 6. Nh3 Bg4 7. Ng5 Bxe2 8. Nxe2
Nbd7 9. c3 e6 10. Qb3 Nb6 11. a4 a5 12. f3 Qe7 13. Qc2 e5 14. b3 Nbd7 15. O-O
O-O 16. Ba3 Nh7 17. f4 exf4 18. Nxf4 Nxg5 19. hxg5 Qxg5 20. Rae1 c5 21. Qd3
Rac8 22. Nd5 Qd8 23. dxc5 dxc5 24. Qb5 Be5 25. Re3 b6 26. Ref3 Qe8 27. Bc1 Qe6
28. Bg5 f6 29. Bh6 Rf7 30. Bf4 Kg7 31. Bxe5 Nxe5 32. Rxf6 Rxf6 33. Rxf6 Qg4 34.
Rf4 Qd1+ 35. Kh2 Ng4+ 36. Kh3 Qh1+ 37. Kg3 Qe1+ 38. Kh3 Qh1+ 39. Kg3 Qe1+ 40.
Kh3 1/2-1/2

[Event "Bad Woerishofen 2017 - Senioren"]
[Site "Bad Woerishofen"]
[Date "2017.03.12"]
[Round "3.11"]
[White "Zunker, Reinhard"]
[Black "Korth, Manfred"]
[Result "1-0"]
[WhiteElo "2121"]
[BlackElo "1929"]
[Annotator "chessorg"]
[PlyCount "63"]
[EventDate "2017.??.??"]
[WhiteTeam "SV 1920 Hofheim"]
[BlackTeam "SC Heideck-Hilpoltstein"]

1. e4 d6 2. d4 Nf6 3. Nc3 Nbd7 4. Be2 e5 5. Nf3 Be7 6. h3 c6 7. Be3 Qc7 8. Qd2
b5 9. d5 a6 10. dxc6 Qxc6 11. O-O Bb7 12. Bd3 b4 13. Nd5 Nxd5 14. exd5 Qc7 15.
Bf5 a5 16. Rac1 g6 17. Bxd7+ Qxd7 18. c4 bxc3 19. bxc3 O-O 20. c4 f6 21. Rfd1
Rfc8 22. c5 dxc5 23. d6 Bd8 24. Bxc5 Bxf3 25. gxf3 Rc6 26. Qd5+ Kg7 27. Ba3
Rac8 28. Rxc6 Qxc6 29. Qb3 Qc2 30. Qb7+ Rc7 31. dxc7 Qxd1+ 32. Kg2 1-0

[Event "Bad Woerishofen 2017 - Senioren"]
[Site "Bad Woerishofen"]
[Date "2017.03.15"]
[Round "3.12"]
[White "Leutz, Hans"]
[Black "Rueberg, Jobst"]
[Result "0-1"]
[WhiteElo "1968"]
[BlackElo "2091"]
[Annotator "chessorg"]
[PlyCount "112"]
[EventDate "2017.??.??"]
[BlackTeam "SV Ahlen 1954 e.V."]

1. d4 Nf6 2. Nf3 c5 3. e3 g6 4. c3 Qc7 5. Nbd2 Bg7 6. Bd3 O-O 7. O-O d6 8. e4
Nbd7 9. Re1 e5 10. d5 a6 11. c4 Rb8 12. a4 Nh5 13. Nf1 b6 14. Rb1 Rb7 15. Ng3
Ndf6 16. Bg5 Bd7 17. Bxf6 Nxf6 18. Qe2 Rfb8 19. Qc2 h6 20. Ne2 b5 21. axb5 axb5
22. b3 Nh5 23. Nd2 b4 24. Nf1 Ra7 25. Ra1 Rba8 26. Qb2 Nf4 27. Rxa7 Qxa7 28.
Nc1 Qb8 29. Ne3 Ra3 30. Bf1 Qa8 31. Nc2 Ra7 32. Qb1 Kh7 33. g3 Nh3+ 34. Bxh3
Bxh3 35. f3 h5 36. Kf2 Bh6 37. Ne2 Qd8 38. Ng1 Bc8 39. Ne2 f5 40. Kg2 fxe4 41.
fxe4 Qg5 42. Ng1 Rf7 43. Re3 Bg4 44. Qe1 Qe7 45. Rd3 Qf8 46. h3 Bd7 47. Qe2 Kg7
48. Rf3 Rxf3 49. Qxf3 Qa8 50. Qd3 Qa2 51. Nf3 Ba4 52. Nd2 Bxd2 53. Qxd2 Bxb3
54. Qg5 Qxc2+ 55. Kg1 Qd1+ 56. Kf2 Qd4+ 0-1

[Event "Bad Woerishofen 2017 - Senioren"]
[Site "Bad Woerishofen"]
[Date "2017.03.15"]
[Round "3.13"]
[White "Villing, Dieter"]
[Black "Schirmer, Werner"]
[Result "1/2-1/2"]
[WhiteElo "2089"]
[BlackElo "1918"]
[Annotator "chessorg"]
[PlyCount "69"]
[EventDate "2017.??.??"]
[WhiteTeam "SK 1962 Ladenburg"]
[BlackTeam "Hamburger SK von 1830 eV"]

1. e4 c5 2. Nf3 Nc6 3. Bb5 g6 4. Bxc6 dxc6 5. d3 Bg7 6. Nbd2 Nf6 7. O-O O-O 8.
e5 Nd5 9. Re1 Bf5 10. Nf1 Qc7 11. Ng3 Bg4 12. c4 Nb4 13. a3 Bxf3 14. gxf3 Na6
15. Qe2 Rad8 16. Bf4 Qd7 17. Rad1 Nc7 18. Be3 Ne6 19. f4 Nd4 20. Bxd4 Qxd4 21.
Qe3 Bh6 22. Ne2 Qxe3 23. fxe3 f6 24. d4 cxd4 25. Nxd4 fxe5 26. Ne6 Rxd1 27.
Rxd1 Rf5 28. Rd7 Kf7 29. Ng5+ Bxg5 30. fxg5 Rxg5+ 31. Kf2 b5 32. Rxa7 e4 33.
cxb5 Rxb5 34. b4 Ke6 35. Kg3 1/2-1/2

[Event "Bad Woerishofen 2017 - Senioren"]
[Site "Bad Woerishofen"]
[Date "2017.03.12"]
[Round "3.14"]
[White "Trebbin, Wolfhard"]
[Black "Rahn, Oskar"]
[Result "1/2-1/2"]
[WhiteElo "1960"]
[BlackElo "2088"]
[Annotator "chessorg"]
[PlyCount "44"]
[EventDate "2017.??.??"]
[WhiteTeam "SG Lasker Steglitz-Wilmersdorf"]

1. d4 Nf6 2. Nf3 d5 3. g3 e6 4. Bg2 Be7 5. O-O O-O 6. c4 c6 7. Qc2 Nbd7 8. Nbd2
Re8 9. b3 b6 10. Bb2 Bb7 11. Rac1 Rc8 12. Qb1 Bb4 13. a3 Bf8 14. e3 c5 15. cxd5
exd5 16. Rfd1 Bd6 17. Bh3 Rc7 18. Bf1 a6 19. a4 h6 20. Nh4 Bf8 21. Nhf3 Bd6 22.
Nh4 Bf8 1/2-1/2

[Event "Bad Woerishofen 2017 - Senioren"]
[Site "Bad Woerishofen"]
[Date "2017.03.15"]
[Round "3.15"]
[White "Hunold, Rolf"]
[Black "Di Lazzaro, Gabriele"]
[Result "1-0"]
[WhiteElo "2081"]
[BlackElo "1914"]
[Annotator "chessorg"]
[PlyCount "67"]
[EventDate "2017.??.??"]
[WhiteTeam "Schachverein Letmathe 1933 e.V."]

1. e4 d5 2. exd5 Nf6 3. Nf3 Nxd5 4. d4 Bf5 5. a3 e6 6. c4 Nf6 7. Nc3 c6 8. Be2
Bd6 9. Nh4 Bg6 10. Nxg6 hxg6 11. Be3 Qc7 12. Qd2 a5 13. h3 Nbd7 14. Bf3 Nh5 15.
g4 Nhf6 16. O-O-O Be7 17. h4 a4 18. Kb1 Ra5 19. g5 Nh5 20. d5 cxd5 21. cxd5 Ne5
22. Be2 Nc4 23. Bxc4 Qxc4 24. d6 Bd8 25. d7+ Kf8 26. Qd6+ Kg8 27. Bb6 Ra6 28.
Bxd8 Rxd6 29. Rxd6 Kh7 30. Be7 Qc7 31. Rhd1 Rd8 32. Bxd8 Qxd8 33. Nxa4 Nf4 34.
Nc5 1-0

[Event "Bad Woerishofen 2017 - Senioren"]
[Site "Bad Woerishofen"]
[Date "2017.03.15"]
[Round "3.16"]
[White "Heppell, Ian"]
[Black "Meinke, Dietlind"]
[Result "1/2-1/2"]
[WhiteElo "2077"]
[BlackElo "1904"]
[Annotator "chessorg"]
[PlyCount "57"]
[EventDate "2017.??.??"]
[WhiteTeam "Wimbledon"]
[BlackTeam "MTV Leck von 1889"]

1. e4 d5 2. exd5 Qxd5 3. Nc3 Qd8 4. d4 c6 5. Bc4 Bf5 6. Nf3 e6 7. Qe2 Nf6 8.
O-O Bb4 9. Bg5 Bxc3 10. bxc3 O-O 11. Rab1 b5 12. Bd3 Bxd3 13. cxd3 Nbd7 14.
Rfc1 Qc7 15. Ne5 a5 16. Bf4 Nd5 17. Bg3 Nxe5 18. Bxe5 Qd7 19. c4 bxc4 20. dxc4
Ne7 21. Rd1 Ng6 22. Bg3 Rfd8 23. h3 Qa7 24. Qe4 Rac8 25. Rb2 Qa6 26. Rc2 Rd7
27. Qe2 Rcd8 28. Rcd2 h6 29. f3 1/2-1/2

[Event "Bad Woerishofen 2017 - Senioren"]
[Site "Bad Woerishofen"]
[Date "2017.03.15"]
[Round "3.17"]
[White "Castellano, Alfonso"]
[Black "Kroencke, Manfred"]
[Result "0-1"]
[WhiteElo "1916"]
[BlackElo "2076"]
[Annotator "chessorg"]
[PlyCount "70"]
[EventDate "2017.??.??"]
[BlackTeam "SG Glueckstadt von 1920 e. V."]

1. c4 e6 2. g3 Nf6 3. Bg2 d5 4. Nf3 Be7 5. O-O O-O 6. b3 Nbd7 7. Bb2 b6 8. cxd5
exd5 9. Nc3 Bb7 10. d4 Re8 11. Rc1 a6 12. Ne1 Bd6 13. Nd3 Qe7 14. Re1 Ne4 15.
e3 Rad8 16. Rc2 f5 17. Ne2 c6 18. f3 Nef6 19. Nc3 c5 20. Ba3 Rc8 21. Qd2 c4 22.
Bxd6 Qxd6 23. Nc1 b5 24. Nb1 b4 25. Bf1 Nb6 26. Qg2 Rc7 27. Nd2 Rec8 28. Re2 a5
29. Rf2 a4 30. bxa4 Nxa4 31. h4 Re7 32. Re2 Nc3 33. Re1 Ba6 34. g4 Nb5 35. Re2
Na3 0-1

[Event "Bad Woerishofen 2017 - Senioren"]
[Site "Bad Woerishofen"]
[Date "2017.03.15"]
[Round "3.18"]
[White "Abegg, Beat"]
[Black "Dahlhaus, Friedhelm"]
[Result "0-1"]
[WhiteElo "1904"]
[BlackElo "2059"]
[Annotator "chessorg"]
[PlyCount "68"]
[EventDate "2017.??.??"]
[WhiteTeam "SK Altdorf"]
[BlackTeam "DJK Wacker Bergeborbeck 1922"]

1. d4 Nf6 2. c4 c6 3. Nf3 d5 4. e3 Bg4 5. Qb3 Qb6 6. Ne5 e6 7. Nxg4 Nxg4 8. Be2
Nf6 9. O-O Nbd7 10. Nc3 Bd6 11. Qc2 dxc4 12. Bxc4 O-O 13. Rd1 c5 14. d5 exd5
15. Nxd5 Nxd5 16. Bxd5 Nf6 17. Bf3 Be5 18. Rb1 Rfd8 19. b3 Rxd1+ 20. Bxd1 Rd8
21. Ba3 Qa5 22. Bf3 Qxa3 23. Bxb7 Qb4 24. Bf3 g6 25. Rd1 Rxd1+ 26. Qxd1 Kg7 27.
g3 c4 28. bxc4 Qxc4 29. Qb1 a5 30. Kg2 a4 31. a3 Qb3 32. Qxb3 axb3 33. Bd1 b2
34. Bc2 Nd5 0-1

[Event "Bad Woerishofen 2017 - Senioren"]
[Site "Bad Woerishofen"]
[Date "2017.03.15"]
[Round "3.19"]
[White "Waltenberger, Udo"]
[Black "Rumsey, Victor"]
[Result "1/2-1/2"]
[WhiteElo "2055"]
[BlackElo "1897"]
[Annotator "chessorg"]
[PlyCount "87"]
[EventDate "2017.??.??"]
[WhiteTeam "SV Eiche Reichenbrand"]
[BlackTeam "Battersea"]

1. g3 d5 2. Nf3 Nf6 3. Bg2 e6 4. O-O Be7 5. d4 O-O 6. c4 dxc4 7. Ne5 Nc6 8.
Nxc6 bxc6 9. Qa4 Qxd4 10. Rd1 Qb6 11. Bxc6 Rb8 12. Nc3 Ng4 13. e3 Ne5 14. Bg2
Bb7 15. e4 Bc5 16. Qc2 Bc6 17. Rd2 f5 18. b3 fxe4 19. Nxe4 Bd4 20. Bb2 Bxb2 21.
Qxb2 Nd3 22. Qc2 Bxe4 23. Bxe4 Qd4 24. Bxd3 Qxa1+ 25. Bf1 cxb3 26. axb3 Qe5 27.
Re2 Qf5 28. Qxc7 Rxb3 29. Qxa7 h5 30. Qa4 Rc3 31. Qd7 Rf6 32. Qd8+ Kh7 33. Rd2
Rc1 34. Qd4 Kh6 35. Qe3+ g5 36. Kg2 Qc5 37. Qe4 Qc6 38. Bd3 Qxe4+ 39. Bxe4 Rc7
40. h3 Kg7 41. Bf3 Kh6 42. Be4 Rcf7 43. f3 Kg7 44. h4 1/2-1/2

[Event "Bad Woerishofen 2017 - Senioren"]
[Site "Bad Woerishofen"]
[Date "2017.03.12"]
[Round "3.20"]
[White "Dietl, Robert"]
[Black "Gerl, Hans"]
[Result "0-1"]
[WhiteElo "1893"]
[BlackElo "2043"]
[Annotator "chessorg"]
[PlyCount "46"]
[EventDate "2017.??.??"]
[WhiteTeam "SK Koenigsbrunn"]
[BlackTeam "SC Bayerwald Regen/Zwiesel e.V."]

1. e4 c5 2. Nf3 d6 3. Bb5+ Nd7 4. d4 cxd4 5. Qxd4 a6 6. Bxd7+ Qxd7 7. c4 e6 8.
O-O Nf6 9. Nc3 Be7 10. Bg5 h6 11. Bxf6 Bxf6 12. Qd3 O-O 13. Rad1 Rd8 14. Qe3
Qc7 15. e5 dxe5 16. Rxd8+ Qxd8 17. Nxe5 Qc7 18. Ng4 Bg5 19. Qd4 Bd7 20. Rd1 Rd8
21. Qe4 f5 22. Qe5 Qxc4 23. Rd4 Qc8 0-1

[Event "Bad Woerishofen 2017 - Senioren"]
[Site "Bad Woerishofen"]
[Date "2017.03.15"]
[Round "3.21"]
[White "Mcandrew, Robert"]
[Black "Bohnstorff, Michael"]
[Result "1/2-1/2"]
[WhiteElo "1888"]
[BlackElo "2042"]
[Annotator "chessorg"]
[PlyCount "57"]
[EventDate "2017.??.??"]
[WhiteTeam "Gambit bonnevoie"]
[BlackTeam "SC Turm Lueneburg e.V."]

1. c4 c6 2. g3 d5 3. Bg2 Nf6 4. Nf3 Bf5 5. b3 e6 6. O-O Be7 7. Na3 Nbd7 8. Bb2
O-O 9. Nc2 h6 10. d3 Bh7 11. Qd2 Qc7 12. cxd5 exd5 13. Bh3 Rfe8 14. Ncd4 Bf8
15. Bf5 g6 16. Bh3 Bg7 17. Rac1 a6 18. Bc3 c5 19. Bb2 Qd8 20. Nc2 g5 21. Bxf6
Bxf6 22. Bg2 Bg7 23. Nfe1 Nf6 24. h3 Bf5 25. Ne3 Be6 26. Rxc5 Qd7 27. Nf3 b6
28. Rc2 Bxh3 29. Rfc1 1/2-1/2

[Event "Bad Woerishofen 2017 - Senioren"]
[Site "Bad Woerishofen"]
[Date "2017.03.12"]
[Round "3.22"]
[White "Hansch, Klaus-Michael"]
[Black "Vonach, Bernhard"]
[Result "0-1"]
[WhiteElo "1890"]
[BlackElo "1992"]
[Annotator "chessorg"]
[PlyCount "50"]
[EventDate "2017.??.??"]
[WhiteTeam "SC Weisse Dame e.V."]
[BlackTeam "SF Windach"]

1. e4 e5 2. d4 exd4 3. c3 Qe7 4. Qxd4 Nc6 5. Qe3 Nf6 6. Bd3 d5 7. exd5 Nxd5 8.
Qxe7+ Bxe7 9. Be4 Be6 10. Nf3 h6 11. O-O O-O 12. Nbd2 Rad8 13. Nb3 Bf6 14. h3
Rfe8 15. Nc5 Bc8 16. Bxd5 Rxd5 17. Nb3 Ne5 18. Nxe5 Bxe5 19. Be3 b6 20. Rfd1
Red8 21. Rxd5 Rxd5 22. Kf1 c5 23. Ke1 f5 24. f4 Bf6 25. Rd1 Bh4+ 0-1

[Event "Bad Woerishofen 2017 - Senioren"]
[Site "Bad Woerishofen"]
[Date "2017.03.15"]
[Round "3.23"]
[White "Bhend, Edwin"]
[Black "Blutharsch, Walter"]
[Result "1-0"]
[WhiteElo "2138"]
[BlackElo "1869"]
[Annotator "chessorg"]
[PlyCount "93"]
[EventDate "2017.??.??"]
[WhiteTeam "ohne"]
[BlackTeam "VfL Sindelfingen"]

1. d4 d5 2. Nc3 Nf6 3. Bg5 e6 4. e4 Be7 5. Bxf6 Bxf6 6. Nf3 Nc6 7. e5 Be7 8. a3
O-O 9. Bd3 f6 10. exf6 Bxf6 11. h4 Kh8 12. Bb5 Qd6 13. Bxc6 bxc6 14. Qd2 e5 15.
dxe5 Bxe5 16. Nxe5 Qxe5+ 17. Qe2 Qf5 18. O-O-O a5 19. f3 Ba6 20. Qd2 Rad8 21.
Qd4 Qf4+ 22. Qxf4 Rxf4 23. Ne4 Rdf8 24. Nc5 Bc8 25. Nd3 R4f5 26. Rhe1 Kg8 27.
Re7 R5f7 28. Rde1 Rxe7 29. Rxe7 Rf7 30. Rxf7 Kxf7 31. Ne5+ Kf6 32. Nxc6 a4 33.
Kd2 Bd7 34. Nb4 Ke5 35. Nd3+ Kd6 36. b4 axb3 37. cxb3 c5 38. Nf4 Be8 39. b4 c4
40. Kc3 Ke5 41. Ne2 h5 42. g3 Bd7 43. Nd4 Kd6 44. f4 g6 45. Nf3 Ke6 46. b5 Bxb5
47. Nd4+ 1-0

[Event "Bad Woerishofen 2017 - Senioren"]
[Site "Bad Woerishofen"]
[Date "2017.03.12"]
[Round "3.24"]
[White "Trefzer, Erhard"]
[Black "Weinwurm, Wolfgang"]
[Result "1/2-1/2"]
[WhiteElo "1886"]
[BlackElo "2133"]
[Annotator "chessorg"]
[PlyCount "35"]
[EventDate "2017.??.??"]
[WhiteTeam "SV Besigheim"]
[BlackTeam "Ternitz"]

1. e4 d6 2. d4 Nf6 3. Nc3 g6 4. f4 Bg7 5. Nf3 c5 6. Bb5+ Bd7 7. e5 Ng4 8. e6
Bxb5 9. exf7+ Kf8 10. Nxb5 Qa5+ 11. Nc3 cxd4 12. Nxd4 Kxf7 13. Qxg4 Bxd4 14.
Bd2 Qf5 15. Qf3 Nc6 16. g4 Qe6+ 17. Kd1 Kg7 18. Ne2 1/2-1/2

[Event "Bad Woerishofen 2017 - Senioren"]
[Site "Bad Woerishofen"]
[Date "2017.03.15"]
[Round "3.25"]
[White "Stokes, Paul"]
[Black "Lange, Manfred"]
[Result "0-1"]
[WhiteElo "1867"]
[BlackElo "2081"]
[Annotator "chessorg"]
[PlyCount "66"]
[EventDate "2017.??.??"]
[WhiteTeam "Battersea"]
[BlackTeam "SV Würzburg von 1865 e.V."]

1. d4 d5 2. c4 c6 3. Nf3 Nf6 4. e3 e6 5. b3 Bb4+ 6. Nbd2 Ne4 7. Bd3 f5 8. O-O
Nd7 9. Qc2 O-O 10. Bb2 Qe8 11. a3 Nxd2 12. Nxd2 Bd6 13. f4 Nf6 14. Nf3 Qh5 15.
Rae1 Ne4 16. Be2 Qh6 17. Bd3 Bd7 18. Ne5 Be8 19. Bxe4 fxe4 20. b4 Rd8 21. c5
Bxe5 22. dxe5 g5 23. Qf2 gxf4 24. exf4 Bg6 25. Bd4 Bf5 26. Re3 Kf7 27. Rg3 Rg8
28. Re1 Rxg3 29. Qxg3 Rg8 30. Qf2 Bh3 31. g3 Bg4 32. Rc1 Bf3 33. a4 Qxf4 0-1

[Event "Bad Woerishofen 2017 - Senioren"]
[Site "Bad Woerishofen"]
[Date "2017.03.15"]
[Round "3.26"]
[White "Keller, Harald"]
[Black "Klimpel, Siegfried"]
[Result "1-0"]
[WhiteElo "2075"]
[BlackElo "1865"]
[Annotator "chessorg"]
[PlyCount "85"]
[EventDate "2017.??.??"]
[WhiteTeam "SV Rottweil"]
[BlackTeam "TSV Kareth - Lappersdorf"]

1. e4 c5 2. Nc3 Nc6 3. g3 g6 4. Bg2 Bg7 5. d3 d6 6. f4 e6 7. Nf3 Nge7 8. O-O
O-O 9. h4 f5 10. Kh2 Rb8 11. Be3 b6 12. Rb1 d5 13. exd5 exd5 14. d4 c4 15. Qd2
Bb7 16. Ne5 a6 17. Bf3 b5 18. Rbe1 Na7 19. Bg1 Nac8 20. Qg2 Nb6 21. a3 Qd6 22.
Be3 Nd7 23. Bd2 Nf6 24. Nd1 Ne4 25. Bb4 Qc7 26. h5 Rf6 27. Bxe7 Qxe7 28. hxg6
hxg6 29. Rh1 Re6 30. Ne3 Bxe5 31. fxe5 Kg7 32. Kg1 Rh8 33. Rxh8 Kxh8 34. Bxe4
dxe4 35. Kf2 Qg7 36. Rh1+ Kg8 37. Qh3 Re7 38. Qh4 a5 39. Qg5 Bc6 40. Rh6 Kf7
41. d5 Bxd5 42. Nxd5 Rxe5 43. Nf4 1-0